| 000 | 00849nam2a2200253 4500 | ||
|---|---|---|---|
| 001 | RU\NLR\bibl\905765 | ||
| 005 | 20250614181707.0 | ||
| 010 |
_a5-7058-0264-1 _9950 |
||
| 035 | _a(NLR Aleph) 000894162 | ||
| 090 |
_a1737064 _c1737064 |
||
| 100 | _a20060209d2003 |||y0rusy50 ca | ||
| 101 | 0 | _arus | |
| 102 | _aRU | ||
| 105 | _aa ||||||||| | ||
| 200 | 1 | _a2002-2003 | |
| 210 |
_d2003 _aБ. м. |
||
| 215 |
_a264 с. _cил. |
||
| 461 | 0 |
_1001RU\NLR\bibl\21210 _12001#$aОстров$eЛит.-худож. альм.$f[Ред.-сост. С. Сорокин]$vВып. 12-13 _994455 _cСПб. _d1995-2003 _f[Ред.-сост. С. Сорокин] _nСo-Ва _oЛит.-худож. альм. _tОстров _vВып. 12-13 |
|
| 801 | 0 |
_aRU _bNLR _c20060209 _grcr |
|
| 801 | 1 |
_aRU _bNLR _c20060209 |
|
| 942 | _cBOOK | ||
| 980 | _aNB | ||